Stagger - Poppy - Statistics

General Stats
  • This quiz has been taken 3 times
  • The average score is 134 of 180
Answer Stats
☁︎ % Correct
A
100%
a
100%
call
100%
cause,
100%
crisis
100%
emoting,
100%
faith
100%
false
100%
get
100%
god
100%
going
100%
heart
100%
I
100%
I'm
100%
in
100%
is
100%
it
100%
just
100%
leaned
100%
My
100%
new
100%
now
100%
Now
100%
of
100%
off,
100%
put
100%
stop
100%
the
100%
The
100%
to
100%
told
100%
way
100%
when
100%
where
100%
without
100%
you
100%
You
100%
and
67%
back,
67%
back
67%
backward,
67%
backwards,
67%
backwards
67%
can't
67%
cliff
67%
detatch
67%
down
67%
eroding
67%
from
67%
home
67%
how
67%
learning
67%
lessons
67%
life,
67%
misstep
67%
mountain's
67%
on
67%
road
67%
see,
67%
Stagger
67%
stagger
67%
(stagger)
67%
talk
67%
through
67%
tryna
67%
fear
33%
flag
33%
got
33%
imploding
33%
loathing
33%
me
33%
Out
33%
trying
33%
waving
33%
white
33%
bad
0%
but
0%
fucked
0%
habits
0%
Had
0%
has
0%
loyalty
0%
not
0%
oppositionist,
0%
quit
0%
quite
0%
so
0%
your
0%
You're
0%
you're
0%
No matching quizzes found
Score Distribution
Percent of People with Each Score
Percentile by Number Answered
Your Score History
You have not taken this quiz